Oceňovanie pravdepodobností pri investovaní na finančných trhoch
Teória behaviorálnych financií hovorí o tom, že niektoré finančné otázky a javy dokážeme lepšie popísať a pochopiť vtedy, keď použijeme modely, v ktorých sa subjekty nemusí zákonite správať racionálne. Podľa tejto teórie existuje množstvo odchýlok od racionality. Niektoré sú popísané lepšie, iné men...
Enregistré dans:
| Auteur principal: | |
|---|---|
| Format: | Chapitre de livre |
| Langue: | slovaque |
| Sujets: | |
| Tags: |
Pas de tags, Soyez le premier à ajouter un tag!
|
MARC
| LEADER | 00000naa a2200000 4500 | ||
|---|---|---|---|
| 001 | 0253345 | ||
| 005 | 20260205072500.8 | ||
| 041 | 0 | |a slo | |
| 044 | |a SK | ||
| 245 | 1 | 0 | |a Oceňovanie pravdepodobností pri investovaní na finančných trhoch |c Ctibor Pilch |
| 520 | |a Teória behaviorálnych financií hovorí o tom, že niektoré finančné otázky a javy dokážeme lepšie popísať a pochopiť vtedy, keď použijeme modely, v ktorých sa subjekty nemusí zákonite správať racionálne. Podľa tejto teórie existuje množstvo odchýlok od racionality. Niektoré sú popísané lepšie, iné menej. Niektoré sú závislé na emóciách, nazývajú sa emočné. Iné, nezávislé na emóciách, sa nazývajú kognitívne. | ||
| 610 | 2 | 0 | |a financie behaviorálne |
| 610 | 2 | 0 | |a trh finančný |
| 610 | 2 | 0 | |a oceňovanie |
| 610 | 2 | 0 | |a stratégia investičná |
| 100 | 1 | |a Pilch, Ctibor, 1957- | |